• 首页
  • 本馆介绍
  • 公告通知
  • 最新文献
  • 馆藏检索
  • 电子资源
  • 读者导购
  • 参考咨询
  • 我的图书馆
  • 登录
  • 详细信息显示
  • 放入我的书架
  • 预约/预借图书
  • 作者相关作品
  • 分类相关作品
  • 丛书相关作品
  • 出版社相关作品

书目信息

  • 表格格式
  • 工作单格式
  • 卡片格式
题名:
古小说简目
    
 
作者: 程毅中 著
分册:  
出版信息: 北京   中华书局  1981.4
页数: 149,24页
开本: 20cm
丛书名:
单 册:
中图分类: I207.4
科图分类:
主题词: 小说--文学研究--中国 , 传奇小说
电子资源:
ISBN:
000 00539nam0 2200205 45
001 0312221749
005 20070731130502.62
010    @dCNY0.70
091    @a10018.470
100    @a20031222d1981 km y0chiy0120 ea
101    @achi
200 1  @a古小说简目@AGu Xiao Shuo Jian Mu@f程毅中著@FCheng Yi Zhong Zhu
210    @a北京@c中华书局@d1981.4
215    @a149,24页@d20cm
606 0  @a小说@x文学研究@x中国
606 0  @a传奇小说
690    @aI207.4@v3
701 0  @a程毅中@4著
801    @aCN@bTSTCL@c20070731
905    @dI207.4@e17@f1@b67318
    
    古小说简目/程毅中著.-北京:中华书局,1981.4
    149,24页;20cm
    
    
    ISBN :CNY0.70
    
●
相关链接 在E读中查询图书 在五车中查询图书 在当当中查询图书 在豆瓣中查询图书


正题名:古小说简目     索取号:I207.4/17         预约/预借

序号 登录号 条形码 馆藏地/架位号 状态 备注
1 0067315   001918161   密集书库/ [索取号:I207.4/17] 在馆    
2 0067316   001735251   密集书库/ [索取号:I207.4/17] 在馆    
3 0067317   000547126   密集书库/ [索取号:I207.4/17] 在馆    
4 0067318   001974288   第二借阅区/ [索取号:I207.4/17] 在馆    
5 0067319   000547117   第一样本阅览室/ [索取号:I207.4/17] 在馆    
6 0786375   207863757   密集书库/ [索取号:I207.4/17] 在馆    
唐山师范学院图书馆 欢迎您!
大连网信软件有限公司© 版权所有